| 000 | 00398nam a2200157Ia 4500 | ||
|---|---|---|---|
| 008 | 230917s9999||||xx |||||||||||||| ||und|| | ||
| 040 |
_e188517 _aMAIN |
||
| 041 | _aEnglish | ||
| 082 | _a338.10973 C848A(8) | ||
| 100 | _aCramer, Gail L | ||
| 245 | 0 | _aAgricultural economics and agribusiness | |
| 250 | _a8th ed. | ||
| 260 |
_aNew York _bJohn Wiley _c2001 |
||
| 300 | _axx, 519 p. | ||
| 942 | _cBK | ||
| 999 |
_c158717 _d158717 |
||